Statistics for Countries Closest to Afghanistan - Hard Version

Click here to take the quiz!

General Stats

  • This quiz has been taken 19 times
  • The average score is 9 of 10

Answer Stats

Distance (Km)CountryDistance (Mi)% Correct
3,573Egypt2,220
100%
3,356Russia2,085
100%
3,569Ukraine2,217
100%
3,803Romania2,363
95%
3,615Moldova2,246
89%
3,866Belarus2,402
84%
4,027Bulgaria2,502
84%
3,656Djibouti2,271
79%
3,694Eritrea2,295
79%
3,701Latvia2,299
42%

Score Distribution

Percentile by Number Answered

Percent of People with Each Score

Your Score History

You have not taken this quiz